000 00824nam a22002777a 4500
003 CHAP
005 20220329140516.0
008 971013s r 00010 d
010 _a53046
011 _a54018
035 _a58168
040 _cCHAP
082 _a630.72
_bT32
100 0 0 _aTaboada Rivera, Edmundo.
_9111311
245 _aApuntes de experimentación agrícola
260 _aChapingo, Méx. :
_bEl autor,
_c193?
300 _a94 h.
590 _aBATCH-UPD
_b10
_c20130110
_lUCH01
_h0608
590 _aBATCH-UPD
_b10
_c20130410
_lUCH01
_h0250
590 _aBATCH-UPD
_b10
_c20130914
_lUCH01
_h0332
590 _aCONVERSION
_b10
_c20130109
_lUCH01
_h1329
650 1 4 _aAgricultura
_xExperimentación.
_91476
901 _aBK
942 _cLIBRO
949 _a630.72 T32
_bBC
_cUACH
_d-126353
_eUACH
_h73626
_i58168
_mD
_si
999 _c53046
_d53046